Statistics for Simpsons Trivia Quiz #2

Click here to take the quiz!

General Stats

  • This quiz has been taken 36,736 times
    (29,112 since last reset)
  • The average score is 11 of 20

Answer Stats

QuestionAnswer% Correct
Who says "D'oh!"Homer
100%
Who drives the school bus?Otto
85%
Who shot Mr. Burns?Maggie
83%
Who is the local underboss of the Springfield mafia?Fat {Tony}
78%
What is Springfield's rival town?Shelbyville
71%
What is the profession of Krusty's father?Rabbi
59%
What is the name of Flanders's store?The Leftorium
57%
What is Chief Wiggum's first name?Clancy
55%
What is the name of Springfield's baseball team?The Isotopes
53%
What was the name of the dog briefly featured on the Itchy & Scratchy show?Poochie
52%
What does Smithers collect?Malibu Stacy Dolls
50%
Who is Lisa's first boyfriend?Nelson
50%
What is the name of Lisa's teacher?Miss Hoover
49%
What put Ogdenville and North Haverbrook on the map?Monorails
47%
What is the secret ingredient in a Flaming Moe?Cough Syrup
45%
Who said "I, for one, welcome our new insect overlords?"Kent Brockman
40%
What word did Freddy Quimby want the French waiter to say correctly?Chowder
37%
Ned and Marge starred in a community production of what play?A Streetcar Named Desire
36%
Who was the voice of Lionel Hutz and Troy McClure?Phil Hartman
22%
Molloy the Cat Burgler attempted to steal the world's largest what?Cubic Zirconia
17%

Score Distribution

Percentile by Number Answered

Percent of People with Each Score

Your Score History

You have not taken this quiz since the last reset